000 00424nam a2200181Ia 4500
008 210210b1925 xxu||||| |||| 00| 0 eng d
041 _aeng
082 _a543/35
100 _aCHAKRAVARTI (D)
245 _aCourse of intermediate chemistry
260 _aCalcutta
_b-
_c1925
300 _a340
650 _aintermediate
650 _aCourse
650 _achemistry
690 _aInorganic Chemistry
906 _a009387
999 _c126836
_d126836